000 00560nam a22001577a 4500
008 160613b xxu||||| |||| 00| 0 eng d
020 _a9781594773204
082 _22009
_aDC 299.93
_bOk14s
100 _910197
_aOkawa, Ryuho
245 _aThe science of happiness:
_b10 principles for manifesting your divine nature/
_cRyuho Okawa.
260 _aRochester, Vermont:
_bDestiny Books,
_cc2009.
300 _axii, 179 pages;
_c23 cm.
650 0 _910198
_aKōfuku no Kagaku (Organization)
650 0 _910199
_aHappiness
_xReligious aspects
942 _2ddc
_cDC
999 _c3056
_d3056